| 000 | 00547nam a22001937a 4500 | ||
|---|---|---|---|
| 999 |
_c34571 _d34571 |
||
| 005 | 20200124100347.0 | ||
| 008 | 121106t mx||||| |||| 00| 0 spa d | ||
| 020 | _a9682461022 | ||
| 050 | 0 | 4 |
_aK230.C5 _bC57 2001 |
| 050 | 0 | 4 |
_aK355 _bC57 2000 |
| 100 | 1 | _aCisneros Farías, Germán | |
| 245 | 1 | 0 |
_aTeoría del derecho _cGermán Cisneros Farías. |
| 250 | _a2a ed. | ||
| 260 |
_aMéxico : _bTrillas, _c2001 |
||
| 300 |
_a167 p. ; _c23 cm. |
||
| 504 | _aIncluye índices | ||
| 650 | 7 |
_2lemb _aTeoría del derecho |
|
| 650 | 7 |
_2Lemb _aFilosofía del derecho |
|
| 942 |
_2lcc _cLIB |
||